| 000 | 03578ngm a2200469 i 4500 | ||
|---|---|---|---|
| 001 | 991061308196206706 | ||
| 003 | ES-BaIT | ||
| 005 | 20260209115443.0 | ||
| 008 | 250404s2011 xxu||| |-|||||q|| vleng|c | ||
| 024 | 1 | _a089948453291 | |
| 028 | 4 | 0 |
_a4532 _bVAI |
| 040 |
_aES-BaIT _bcat _erda _cES-BaIT |
||
| 080 | _a793.4 (086.8) | ||
| 245 | 0 | 0 |
_aGreat stars of Russian ballet : _bhistoric performances 1972-1992. _nVolume 3 / _cchoreographies by Petipa, Vetrov, Kasatkina, Vasiliev, Fokine, Vladimir Burmeister, Elizarev, Bournonville, Gzovskyi, Gorsky |
| 264 | 1 |
_aNew York : _bVideo Artist International, _c2011 |
|
| 264 | 4 | _a©2010 | |
| 300 |
_a1 videodisc (DVD) (95 min): _bcolor, so; _c14 cm |
||
| 336 |
_aimatge en moviment bidimensional _btdi _2rdacontent |
||
| 337 |
_avídeo _bv _2rdamedia |
||
| 338 |
_avideodisc _bvd _2rdacarrier |
||
| 344 |
_adigital _bmagnètic _gmono _2rda |
||
| 346 | _bNTSC | ||
| 347 |
_afitxer vídeo _bDVD vídeo _etotes les regions _2rda |
||
| 500 | _aFormat de pantalla (4:3) | ||
| 505 | 8 | _aConté: Le Corsaire / music Adam ; choreography Petipa -- Raymonda: Grand pas d'action / music Glazunov ; choreography Petipa -- The Legend / music Pergolesi ; choreography Vetrov -- Creation of the World / music Petrov ; choreography Kasatkina and Vasilev -- The Sleeping Beauty / music Tchaikovsky ; choreography Petipa -- Le Spectre de la Rose / music Weber ; choreography Fokine -- Straussiana / music Johann Strauss II ; choreography Vladimir Burmeister -- Nocturne / music Tchaikovsky ; choreography Elizarev - Adagio / music Rachmaninoff ; choreography Vetrov -- Serenata notturna / music Mozart ; choreography Kasatkina and Vasilev -- The Flower Festival in Genzano / music Helsted ; choreography Bournonville -- Gran Pas Classique / music Auber ; choreography Gzovsky -- Don Quixote: Pas de deux / music Minkus ; choreography Gorsky, after Petipa | |
| 511 | 1 | _aBallarins: Ludmila Vasilieva i Ivan Korneev (Le Corsaire, 1992), Lyubov Kunakova and Redjep Adiev (Raymonda: Grand pas d'action, 1983), Nina Timofeeva i Yuri Vetrov (The Legend, 1981), Ekaterina Maxinova i Stanislav Isaaev (Creation of the World, 1981), Tatyana Tayakina i Valey Kovtun (The Sleeping Beauty, 1976), Valeria Tsoi i Vladimir Malakhov ( Le Spectre de la Rose, 1991), Lilia Trunina i Oleg Mikrashevsky (Straussiana, 1975), Maya Plisetskaya i Anatoly Verdishev (Nocturne, 1975), Nina Timofeeva i Aleksei Lazarev (Adagio, 1980), Nadezhda Saidaakova i Vladimir Malakhov (Serenata notturna, 1991), Tatyana Paliy i Vladimir Malakoh (The Flower Festival in Genzano, 1991), Vera Timashova i Alexander Gorbatsevich (Gran Pas Classique, 1992), Ekaterina Maxmova i Vladimir Vasiliev (Don Quixote: Pas de deux, 1972) | |
| 650 | 4 |
_aDansa clàssica _xCoreografies _xFragments _994241 |
|
| 650 | 4 |
_aDansa clàssica _xPas de deux _xCoreografies _994242 |
|
| 700 | 1 |
_aPetipa, Marius, _d1818-1910 _ecoreògraf _955719 |
|
| 700 | 1 |
_aVetrov, A. A. _q(Aleksandr Aleksandrovich), _ecoreògraf _9168380 |
|
| 700 | 1 |
_aKasatkina, Natalia _ecoreògraf _9108625 |
|
| 700 | 1 |
_aVasiliev, Vladimir Lubovich _ecoreògraf _9168381 |
|
| 700 | 1 |
_aFokine, Michel, _d1880-1942 _ecoreògraf _919621 |
|
| 700 | 1 |
_aBurmeister, Vladimir Pàvlovitx, _d1904-1971 _ecoreògraf _9128517 |
|
| 700 | 1 |
_aIelizariev, Valentin _ecoreògraf _9168382 |
|
| 700 | 1 |
_aBournonville, August, _d1805-1879 _ecoreògraf _99479 |
|
| 700 | 1 |
_aGsovsky, Victor, _d1902-1974 _ecoreògraf _9168383 |
|
| 700 | 1 |
_aGorski, Aleksandr Aleksiévitx, _d1871-1924 _ecoreògraf _9146128 |
|
| 908 | _aCDMAE | ||
| 940 | _aCDMAE | ||
| 942 |
_2udc _c5 |
||
| 999 |
_c137033 _d137033 |
||